A Word from the President: remembering Pierre Bourdieu /

Збережено в:
Бібліографічні деталі
Автор: Calhoun, Craig
Формат: Текст
Предмети:
Теги: Додати тег
Немає тегів, Будьте першим, хто поставить тег для цього запису!

MARC

LEADER 00000 a a2200000 04500
001 8893
003
040
100 |a Calhoun, Craig  
245 |a A Word from the President:   |b remembering Pierre Bourdieu /  |c Craig Calhoun 
650 |a SOCIOLOGOS  
650 |a SOCIOLOGIA  
773 |g volumen 2, número 3 -4; páginas 16-19  
999 |c 37052  |d 37052